Stella and other friendly ghosts. (Record no. 7748)

MARC details
000 -LEADER
fixed length control field 00679nam a22002297i 4500
003 - CONTROL NUMBER IDENTIFIER
control field URS
005 - DATE AND TIME OF LATEST TRANSACTION
control field 20220114152849.0
008 - FIXED-LENGTH DATA ELEMENTS--GENERAL INFORMATION
fixed length control field 161215b xxu||||| |||| 00| 0 eng d
020 ## - INTERNATIONAL STANDARD BOOK NUMBER
International Standard Book Number 9789715066679
040 ## - CATALOGING SOURCE
Description conventions rda
Transcribing agency URSP-College Library
Language of cataloging eng
050 ## - LIBRARY OF CONGRESS CALL NUMBER
Classification number PL5539.H34
Item number H53s 2012
100 1# - MAIN ENTRY--PERSONAL NAME
Personal name Hidalgo, Cristina Pantoja
245 ## - TITLE STATEMENT
Title Stella and other friendly ghosts.
264 #1 - PRODUCTION, PUBLICATION, DISTRIBUTION, MANUFACTURE, AND COPYRIGHT NOTICE
Place of production, publication, distribution, manufacture Manila
Name of producer, publisher, distributor, manufacturer UST Pub. House
Date of production, publication, distribution, manufacture, or copyright notice 2012.
300 ## - PHYSICAL DESCRIPTION
Extent xvi, 224 pages
Other physical details illustrations
Dimensions 23cm
336 ## - CONTENT TYPE
Content type term text
Content type code txt
Source rdacontent
337 ## - MEDIA TYPE
Media type term unmediated
Media type code n
Source rdamedia
338 ## - CARRIER TYPE
Carrier type term volume
Carrier type code nc
Source rdacarrier
650 #0 - SUBJECT ADDED ENTRY--TOPICAL TERM
Topical term or geographic name entry element Philippine essays (English).
650 #0 - SUBJECT ADDED ENTRY--TOPICAL TERM
Topical term or geographic name entry element Essays - Collections.
942 ## - ADDED ENTRY ELEMENTS (KOHA)
Koha item type Filipiniana
Source of classification or shelving scheme Library of Congress Classification
Holdings
Withdrawn status Source of classification or shelving scheme Damaged status Not for loan Collection code Home library Current library Shelving location Date acquired Source of acquisition Total Checkouts Full call number Barcode Date last seen Copy number Price effective from Koha item type
  Library of Congress Classification     Non-fiction Pililla College Library Pililla College Library General Stacks 02/23/2016 purchased   899.2104 H53s 2012 URSPIL-5500 02/23/2016 1 02/23/2016 Filipiniana

University of Rizal System
Email us at univlibservices@urs.edu.ph

Visit our Website www.urs.edu.ph/library